Políticos del Mundo por Imagen #2 - Estadísticas

Estadísticas generales
  • Esta prueba ha sido intentada 17 veces
  • La puntuación promedio es 3 de 20
Estadísticas de respuestas
Imagen Respuesta % Correcto
Jorge Rafael Videla
79%
Narendra Modi
71%
Antony Blinken
36%
Gabriel Attal
21%
Robert Mugabe
21%
Bongbong Marcos
14%
Deng Xiaoping
14%
Lloyd J. Austin III
14%
Mobutu Sese Seko
14%
Pierre Trudeau
14%
Benny Gantz
7%
Hu Jintao
7%
Isaac Rabin
7%
Jimmy Morales
7%
Xiomara Castro
7%
Blaise Compaoré
0%
Haitham bin Tariq
0%
Manmohan Singh
0%
Manuel Zelaya
0%
Mohammed bin Rashid
0%
No se encontraron pruebas coincidentes
Distribución de puntuación
Porcentaje de gente con cada puntuación
Porcentaje por número respondido
Historial de tus puntuaciones
No has intentado esta prueba.